| 000 | 00413cam a2200157ua 4500 | ||
|---|---|---|---|
| 041 |
_aeng _h |
||
| 082 |
_a823.301 _bKIP/JU |
||
| 100 | _aKepling, Redyard . | ||
| 245 |
_aJust so stories for little children / _cRadyard kepling. _hTextual Documents |
||
| 250 |
_a1 / _b. |
||
| 260 |
_aLondon : _bMacMillan and Company Limited , _c1958. |
||
| 300 | _a228 ; . | ||
| 504 | _a | ||
| 942 | _cBK | ||
| 999 |
_c4064 _d4064 |
||